Herkunftssprachlicher Unterricht in Köln - Statistiken

Allgemein
  • Dieses Quiz wurde 41 mal gespielt
  • Das Durchschnittsergebnis liegt bei 12 aus 19
Antwortstatistiken
Sprache % Korrekt
Spanisch
95%
Russisch
89%
Türkisch
89%
Arabisch
84%
Französisch
84%
Polnisch
82%
Portugiesisch
68%
Italienisch
66%
Ukrainisch
66%
Griechisch
63%
Kroatisch
63%
Serbisch
63%
Albanisch
58%
Bulgarisch
50%
Bosnisch
39%
Persisch (Farsi)
39%
Kurdisch-Kurmanci
26%
Kurdisch-Sorani
26%
Romanes
3%
Keine übereinstimmenden Quizze gefunden
Verteilung der Resultate
Anzahl Personen mit jedem Resultat
Perzentil nach korrekt beantworteten Fragen
Ihre Resultats-Entwicklung
Sie haben dieses Quiz noch nicht gespielt